000 00739nam a2200229Ia 4500
005 20220616133229.0
008 210716s2009 xx 000 0 und d
020 _a9781848009165
040 _cAIMIT LIBRARY
041 _aeng
082 _a005.8
_21
_bKIZJ
100 _aKizza, Joseph Migga.
_943387
245 _aGuide to computer network security /
_cJoseph Migga Kizza
250 _a1st ed.
260 _aNew Delhi :
_bSpringer ,
_c2010.
300 _axxiv, 476p.
_bPB
_c23 cm.
650 _aComputer Network Fundamentals
_943388
650 _aUnderstanding Computer Network Security
_943389
650 _aComputer Network Vulnerabilities
_943390
650 _aCyber Crime and Hackers
_943391
942 _2ddc
_cBK
_e1st
_k005.8 KIZJ
999 _c190443
_d190443